000 00640nam a2200145 a 4500
008 120416s1981 ||||||||||||||||| || u
050 _aGOV.ZAM(05)MDS/1981/7-12
110 _aGovernment of the Republic of Zambia. Central Statistical Office
245 1 0 _aMonthly digest of statistics
_cBy Central Statistical Office (C.S.O)
260 _aLusaka:
_bCentral Statistical Office (CSO)-Zambia
_c1981
300 _a81p.: ill.
350 _a0.00
650 _aSTATISTICS--ZAMBIA
995 _D0.00
_FCBU-MAIN LIBRARY (Kitwe)
_H1
_I0.00
_M1
_UAVAILABLE
_WFeb 13, 2009
_ZZambiana Collection
999 _c51655
_d51655